Buster Keaton. The short films collection, 1920-1923.

A collection of Buster Keaton's classic silent short films, digitally remastered in high definition.

Bibliographic Details
Corporate Authors: Metro Pictures Corporation, First National Pictures, Inc, Kino International Corporation, Douris UK
Other Authors: Keaton, Buster, 1895-1966, Cline, Edward, 1892-1961, St. Clair, Malcolm, 1897-1952, Montana, Bull, 1887-1950, Schenck, Joseph M., 1877-1961, Fox, Virginia, 1902-1982, Roberts, Joe, 1870-1923
Format: Video Blu-ray Disc
Language:English
Published: New York : London : Kino International ; Douris UK Ltd., [2011]
Edition:Ultimate 3-disc ed.
Subjects:

MARC

Tag First Indicator Second Indicator Subfields
LEADER 00000cgm a2200000Ia 4500
001 in00002781483
005 20150922132411.0
007 vd msaizs
008 110916s2011 nyu390 vleng d
024 1 |a 738329075620 
035 |a (OCoLC)ocn752984440 
035 |a (OCoLC)752984440 
040 |a EYM  |c EYM  |d EMU  |d NBU  |d CIA  |d UtOrBLW 
049 |a TXAM 
090 |a PN1995.9.C55  |b B8785 2011 
245 0 0 |a Buster Keaton.  |p The short films collection, 1920-1923. 
246 3 0 |a Short films collection, 1920-1923 
250 |a Ultimate 3-disc ed. 
257 |a United States. 
264 1 |a New York :  |b Kino International ;  |a London :  |b Douris UK Ltd.,  |c [2011] 
300 |a 3 videodiscs (390 min.) :  |b silent, black and white & tinted color ;  |c 4 3/4 in. +  |e 1 booklet ([6] pages : illustrations ; 15 cm.) 
336 |a two-dimensional moving image  |b tdi  |2 rdacontent 
337 |a video  |b v  |2 rdamedia 
338 |a videodisc  |b vd  |2 rdacarrier 
538 |a Blu-ray. 
500 |a Title from container. 
511 1 |a Buster Keaton, Virginia Fox, Joe Roberts, Eddie Cline, Malcolm St. Clair, Bull Montana. 
508 |a Produced for video by Bret Wood; restoration consultant: Bruce Lawton. 
500 |a Booklet housed with disc one. 
500 |a Includes musical accompaniment. 
500 |a Films vary in length from 17-23 min. 
520 |a A collection of Buster Keaton's classic silent short films, digitally remastered in high definition. 
505 0 0 |g Disc one.  |t The "high sign" /  |r Joseph M. Schenck presents ; Metro Pictures Corporation ; written and directed by Buster Keaton and Eddie Cline --  |t One week /  |r Joseph M. Schenck presents ; Metro Pictures Corporation ; written and directed by Buster Keaton and Eddie Cline --  |t Convict /  |r Joseph M. Schenck presents ; Metro Pictures Corporation ; written and directed by Buster Keaton and Eddie Cline --  |t The scarecrow /  |r Joseph M. Schenck presents ; Metro Pictures Corporation ; written and directed by Buster Keaton and Eddie Cline --  |t Neighbors /  |r Joseph M. Schenck presents ; Metro Pictures Corporation ; written and directed by Buster Keaton and Eddie Cline --  |t The haunted house /  |r Joseph M. Schenck presents ; Metro Pictures Corporation ; written and directed by Buster Keaton and Eddie Cline --  |t Hard luck /  |r Joseph M. Schenck presents ; Metro Pictures Corporation ; written and directed by Buster Keaton and Eddie Cline -- 
505 0 0 |g Disc two.  |t The goat /  |r Joseph M. Schenck presents ; Metro Pictures Corporation ; written and directed by Buster Keaton and Mal St. Clair --  |t The play house /  |r Joseph M. Schenck presents ; a First National attraction ; written and directed by Buster Keaton and Eddie Cline --  |t The boat /  |r Joseph M. Schenck presents ; a First National attraction ; written and directed by Buster Keaton and Eddie Cline --  |t The paleface /  |r Joseph M. Schenck presents ; a First National attraction ; written and directed by Buster Keaton and Eddie Cline --  |t Cops /  |r Joseph M. Schenck presents ; a First National attraction ; written and directed by Buster Keaton and Eddie Cline --  |t My wife's relations /  |r Joseph M. Schenck presents ; a First National attraction ; written and directed by Buster Keaton and Eddie Cline -- 
505 0 0 |g Disc three.  |t The blacksmith /  |r Joseph M. Schenck presents ; a First National attraction ; written and directed by Buster Keaton and Mal St. Clair --  |t The frozen north /  |r Joseph M. Schenck presents ; a First National attraction ; written and directed by Buster Keaton and Eddie Cline --  |t Day dreams /  |r Joseph M. Schenck presents ; a First National attraction ; written and directed by Buster Keaton and Eddie Cline --  |t The electric house /  |r Joseph M. Schenck presents ; a First National attraction ; written and directed by Buster Keaton and Eddie Cline --  |t The balloonatic /  |r Joseph M. Schenck presents ; a First National attraction ; written and directed by Buster Keaton and Eddie Cline --  |t The love nest /  |r Joseph M. Schenck presents ; a First National attraction ; written and directed by Buster Keaton. 
500 |a Special features: fifteen visual essays; alternate/deleted shots from some films; digitally-enhanced versions of some films; "The men who would be Buster": a collection of clips from slapstick films influenced by Keaton's work; four visual essays on the films' locations; "Character studies" a gag film starring Carter DeHaven with cameos by Keaton and others; "Seeing stars" (excerpts), a 1922 film featuring cameos by Keaton, Charlie Chaplin and others. 
500 |a Videorecording. 
650 0 |a Man-woman relationships  |v Drama. 
655 7 |a Comedy films.  |2 lcgft 
655 7 |a Slapstick comedy films.  |2 lcgft 
655 7 |a Silent films.  |2 lcgft 
655 7 |a Short films.  |2 lcgft 
655 7 |a Fiction films.  |2 lcgft 
700 1 |a Keaton, Buster,  |d 1895-1966. 
700 1 |a Cline, Edward,  |d 1892-1961. 
700 1 |a St. Clair, Malcolm,  |d 1897-1952. 
700 1 |a Montana, Bull,  |d 1887-1950. 
700 1 |a Schenck, Joseph M.,  |d 1877-1961. 
700 1 |a Fox, Virginia,  |d 1902-1982. 
700 1 |a Roberts, Joe,  |d 1870-1923. 
710 2 |a Metro Pictures Corporation. 
710 2 |a First National Pictures, Inc. 
710 2 |a Kino International Corporation. 
710 2 |a Douris UK. 
994 |a C0  |b TXA 
948 |a cataloged  |b h  |c 2012/10/29  |d c  |e blrosas  |f 12:08:27 pm 
999 |a MARS 
999 f f |s d7cf1c9d-af95-377e-875a-8f1cb25a59d5  |i 52e4bac5-809d-314b-8004-2d0305efbbf1  |t 0 
952 f f |p bluray  |a Texas A&M University  |b College Station  |c Sterling C. Evans Library  |d Evans: Media and Reserves (Annex 1st floor)  |t 0  |e PN1995.9.C55 B8785 2011  |h Library of Congress classification  |i video -- videodisc  |k disc 1  |m A14841594374 
952 f f |p bluray  |a Texas A&M University  |b College Station  |c Sterling C. Evans Library  |d Evans: Media and Reserves (Annex 1st floor)  |t 0  |e PN1995.9.C55 B8785 2011  |h Library of Congress classification  |i video -- videodisc  |k disc 3  |m A14841594455 
952 f f |p bluray  |a Texas A&M University  |b College Station  |c Sterling C. Evans Library  |d Evans: Media and Reserves (Annex 1st floor)  |t 0  |e PN1995.9.C55 B8785 2011  |h Library of Congress classification  |i video -- videodisc  |k disc 2  |m A14841594413 
998 f f |a PN1995.9.C55 B8785 2011  |s dsic 1-3  |t 0  |l Evans: Media and Reserves (Annex 1st floor)